Catálogo
 En Linea

Análisis de la emigración en República Dominicana desde la etapa pre-Colombina hasta el periódo post-Trujillo / (Registro nro. 42789)

Detalles MARC
000 -CABECERA
campo de control de longitud fija 00804nam a2200205 a 4500
001 - NÚMERO DE CONTROL
campo de control 000043300
005 - FECHA Y HORA DE LA ÚLTIMA TRANSACCIÓN
campo de control 20201002040812.0
008 - DATOS DE LONGITUD FIJA--INFORMACIÓN GENERAL
campo de control de longitud fija 140304s2012 dr 000 0 spa d
040 ## - FUENTE DE LA CATALOGACIÓN
Centro catalogador/agencia de origen DO-SdBNP
Lengua de catalogación spa
Centro/agencia transcriptor BNPHU
082 ## - NÚMERO DE LA CLASIFICACIÓN DECIMAL DEWEY
Número de clasificación xxx
Número de documento/Ítem xxx
100 1# - ENTRADA PRINCIPAL--NOMBRE DE PERSONA
Nombre de persona Adrian Anderson, Angelica L.
9 (RLIN) 70941
245 10 - MENCIÓN DE TÍTULO
Título Análisis de la emigración en República Dominicana desde la etapa pre-Colombina hasta el periódo post-Trujillo /
Mención de responsabilidad, etc. Angelica L. Adrian Anderson.
260 ## - PUBLICACIÓN, DISTRIBUCIÓN, ETC.
Lugar de publicación, distribución, etc. Santo Domingo, :
Nombre del editor, distribuidor, etc. UNICARIBE,
Fecha de publicación, distribución, etc. 2012
Fabricante Somos Artes Gráficas
300 ## - DESCRIPCIÓN FÍSICA
Extensión 126 p. ;
Dimensiones 24 cm.
490 1# - MENCIÓN DE SERIE
Mención de serie Cuadernos Diplomáticos;
Designación de volumen o secuencia 10;
590 ## - NOTA LOCAL (RLIN)
Nota local Inventariado, 2019/ YL
504 ## - NOTA DE BIBLIOGRAFÍA, ETC.
Nota de bibliografía, etc. Bibliografía p: 117-126
710 12 - PUNTO DE ACCESO ADICIONAL--NOMBRE DE ENTIDAD CORPORATIVA
Nombre de entidad corporativa o nombre de jurisdicción como elemento de entrada Universidad del Caribe
Unidad subordinada Escuela de Relaciones Internacionales
9 (RLIN) 70929
830 #0 - PUNTO DE ACCESO ADICIONAL DE SERIE-TÍTULO UNIFORME
Título uniforme Cuadernos Diplomáticos
Número de parte o sección de la obra 10
9 (RLIN) 70942
Existencias
Estado de retiro Estado de pérdida No para préstamo Código de colección Localización permanente Ubicación/localización actual Ubicación en estantería Fecha de adquisición Número de inventario Total de préstamos Signatura topográfica completa Código de barras Fecha visto por última vez Precio válido a partir de Tipo de ítem Koha Número de copia
    Excluido de préstamo Patrimonio Dominicano Patrimonio Dominicano Patrimonio Dominicano En catalogación 04.03.2014 LF1   xxx xxx 43300-10 25.06.2020 25.06.2020 Libro y Folleto Colección Patrimonio Dominicano  
    Excluido de préstamo Patrimonio Dominicano Patrimonio Dominicano Patrimonio Dominicano En catalogación 21.03.2019 LF1   xxx xxx 43300-20 25.06.2020 25.06.2020 Libro y Folleto Colección Patrimonio Dominicano e. 2

Con tecnología Koha